Score 0/20 Timer 04:00
13 Plays Today
Country % Correct
United Kingdom
95.9%
United States
95.7%
Russia
93.4%
Ukraine
91.2%
Germany
88.1%
Canada
84.4%
France
83.3%
Latvia
77.6%
Belarus
77.3%
Lithuania
76%
Country % Correct
Estonia
75.5%
Kazakhstan
74.4%
Uzbekistan
66.8%
Italy
65.4%
Turkmenistan
64%
Brazil
58.2%
Kyrgyzstan
58.1%
Azerbaijan
55.6%
Moldova
49.7%
Israel
28.8%
Remove Ads.
Support Sporcle.
Get the best of Sporcle when you Go Orange. This ad-free experience offers more features, more stats, and more fun while also helping to support Sporcle. Thank you for becoming a member.

You're not logged in!

Compare scores with friends on all Sporcle quizzes.
OR
Log In

Show Comments

Extras

Top Quizzes Today


Score Distribution

Your Account Isn't Verified!

In order to create a playlist on Sporcle, you need to verify the email address you used during registration. Go to your Sporcle Settings to finish the process.

Report this User

Report this user for behavior that violates our Community Guidelines.

Details: